00389nam a22000977a 4500008004100000100002200041245010200063260004800165300003000213773004800243240903b ||||| |||| 00| 0 eng d aKashyap, Sham N.  aThe evolution of local governance institutions of Mysore: Lessons for Panchayat raj Institutions  aMadhya Pradesh Journal of Social Sciences  a27(1), Jun, 2022: p.58-71 aMadhya Pradesh Journal of Social Sciences